ACCOUNTING STANDARDS AND CORPORATE ACCOU (Record no. 8933)

MARC details
000 -LEADER
fixed length control field 00389nam a2200157Ia 4500
008 - FIXED-LENGTH DATA ELEMENTS--GENERAL INFORMATION
fixed length control field 240624s9999 xx 000 0 und d
041 ## - LANGUAGE CODE
Language code of text/sound track or separate title eng
082 ## - DEWEY DECIMAL CLASSIFICATION NUMBER
Classification number 657.02 GHO
100 ## - MAIN ENTRY--PERSONAL NAME
Personal name GHOSH T P
245 ## - TITLE STATEMENT
Title ACCOUNTING STANDARDS AND CORPORATE ACCOU
250 ## - EDITION STATEMENT
Edition statement (8th ed.)
260 ## - PUBLICATION, DISTRIBUTION, ETC.
Date of publication, distribution, etc. 2007
Place of publication, distribution, etc. New Delhi
Name of publisher, distributor, etc. Taxmann
300 ## - PHYSICAL DESCRIPTION
Extent i-33, : 1462 : p. : cm. ; 24
365 ## - TRADE PRICE
Currency code RS
Price amount 25
440 ## - SERIES STATEMENT/ADDED ENTRY--TITLE
Volume/sequential designation 1
Holdings
Withdrawn status Lost status Damaged status Not for loan Home library Current library Shelving location Date acquired Source of acquisition Cost, normal purchase price Full call number Barcode Date last seen Copy number Price effective from Koha item type
        IMTN IMTN Rack 21-A 05/19/2008 TASPL 1295.00 657.02 GHO 8933 06/24/2024 1 06/24/2024 Books
Designed & Maintained by: LRC IMT Nagpur Contact: lrc@imtnag.ac.in© 2024. All Rights Reserved.